000 00503nam a2200181Ia 4500
008 191130s2008##################000#0#eng##
020 _a9780415399050
040 _aACL
_cACL
082 _a951.156 HAW
100 _aHaw, Stephen G
245 _aBeijing : a concise history
_cStephen G Haw
260 _aNew York
_bRoutledge
_c2008
300 _axi, 212 p. : ill. maps.
650 _aBeijing (China) -- History
990 _adea73fcaac10000c70f76313f5cdeeeb
991 _a243254
999 _c113682
_d113682